IEPS Todo lo que debes saber 2019 /

Detalles Bibliográficos
Autor principal: Salgado Cota, Carlos Ivǹ
Formato: eBook
Lenguaje:español
Publicado: Ciudad de Mx̌ico: Tax Editores, 2019
Materias:
Acceso en línea:Acceso restringido

MARC

LEADER 00000nam a22000007a 4500
005 20190515011753.0
007 cr|||| ||||
008 190515s2019 mx |||||s|||| 00||0 spa d
020 |a 978-607-629-423-9 
035 |a 23405 
040 |a vLex 
090 |c 8709  |d 8709 
100 1 |a Salgado Cota, Carlos Ivǹ 
245 1 0 |a IEPS  |h [Recurso electrn̤ico] :  |b Todo lo que debes saber 2019 /  |c Carlos Ivǹ Salgado Cota 
256 |a Servicio en ln̕ea 
260 |a Ciudad de Mx̌ico:  |b Tax Editores,  |c 2019 
300 |a 1 recurso electrn̤ico 
500 |a Al da̕ de hoy, uno de los grandes problemas en materia del Impuesto Especial sobre Produccin̤ y Servicios es lo complejo que puede llegar a ser el manejo, control y determinacin̤ del Impuesto, problema que enfrentan la mayora̕ de los empresarios, contadores, administradores de empresas y comerciantes en general. Algo que a lo largo de varios aǫs he observado es la falta de informacin̤ en esta materia, a tal grado, que gran parte de los empresarios desconocen las obligaciones que tienen en materia del Impuesto Especial sobre Produccin̤ y Servicios. Es por eso que en la presente obra podrs̀ aclarar tus dudas sobre cm̤o llevar a cabo de forma correcta el cumplimiento de las obligaciones fiscales de este impuesto. Una vez que inicies la lectura de este libro, podrs̀ ir aclarando tus dudas sobre si eres o no contribuyente de este impuesto, de manera ejemplificada y fundamentada en třminos fiscales; as ̕como de qu ̌obligaciones se tienen y cm̤o debes cumplir con dichas obligaciones, partiendo de la base de tres sectores fundamentales de nuestra economa̕: las entidades que tienen preponderantemente operaciones con el pb︢lico en general, las que realizan principalmente operaciones con otras compaą̕s o empresas, es decir comercializadoras o distribuidoras, como aquellas que realizan compraventas de productos bajo una intermediacin̤, y por l︢timo, el sector que se dedica a la fabricacin̤, produccin̤ e importacin̤ de productos. 
506 1 |a Disponible solo en los productos indicados  |d vLex Global  |d vLex Global (Academic Edition, excluding Law Schools)  |d vLex Global (U.S. Academic Edition, Law Schools)  |d vLex Global (U.S. Academic Edition, excluding Law Schools)  |d vLex Global (Academic Edition, Law Schools) 
650 0 4 |a Derecho Fiscal  |z Mx̌ico 
740 0 |a vLex Libros (Servicio en ln̕ea) 
856 4 0 |u http://vlex.com/source/ieps-todo-lo-que-debes-saber-2019-23405  |z Acceso restringido 
942 |c BOOK 
999 0 |a Tax Law